<?xml version="1.0" encoding="UTF-8"?>
<record
    xmlns:xsi="http://www.w3.org/2001/XMLSchema-instance"
    xsi:schemaLocation="http://www.loc.gov/MARC21/slim http://www.loc.gov/standards/marcxml/schema/MARC21slim.xsd"
    xmlns="http://www.loc.gov/MARC21/slim">

  <leader>01983nam a22002537a 4500</leader>
  <controlfield tag="003">NALT</controlfield>
  <controlfield tag="005">20231119125044.0</controlfield>
  <controlfield tag="008">231119b        th ||||| |||| 00| 0 eng d</controlfield>
  <datafield tag="020" ind1=" " ind2=" ">
    <subfield code="a">9780273674306</subfield>
  </datafield>
  <datafield tag="040" ind1=" " ind2=" ">
    <subfield code="a">NALT</subfield>
  </datafield>
  <datafield tag="050" ind1=" " ind2=" ">
    <subfield code="a">HF 5549</subfield>
    <subfield code="b">L46S 2005</subfield>
  </datafield>
  <datafield tag="100" ind1="0" ind2=" ">
    <subfield code="9">62143</subfield>
    <subfield code="a">Leopold, John</subfield>
  </datafield>
  <datafield tag="245" ind1="1" ind2="0">
    <subfield code="a">The strategic managing of human resources /</subfield>
    <subfield code="c">John Leopold, Lynette Harris and Tony Watson.</subfield>
  </datafield>
  <datafield tag="260" ind1=" " ind2=" ">
    <subfield code="a">New York :</subfield>
    <subfield code="b">FT Prentice Hall,</subfield>
    <subfield code="c">2005.</subfield>
  </datafield>
  <datafield tag="300" ind1=" " ind2=" ">
    <subfield code="a">545 p. :</subfield>
    <subfield code="b">ill. ;</subfield>
    <subfield code="c">25 cm.</subfield>
  </datafield>
  <datafield tag="505" ind1="1" ind2=" ">
    <subfield code="a">Chapter 1 Organisations, strategies and human resourcing -- Chapter 2 Managing uncertainty or managing uncertainly? 'The best laid schemes of mice and men gang aft agley' -- Chapter 3 Employment law and human resourcing strategies -- Chapter 4 Ethics and strategic human resourcing PART TWO: HUMAN RESOURCING POLICIES IN PRACTICE -- Chapter 5 Equal Opportunities and diversity management -- Chapter 6 Assessment, selection and evaluation -- Chapter 7 Performance management and performing management -- Chapter 8 Reward strategies and paying for contribution -- Chapter 9 Managing employee exits -- Chapter 10 Human resourcing in international organisations PART THREE: MANAGING INDIVIDUAL AND ORGANISATIONAL CHANGES AND TRANSITIONS -- Chapter 11 Knowledge, organisations, strategies and human resourcing -- Chapter 12 Managing processes of human resource development -- Chapter 13 Developing managers and managerial capacities PART FOUR: MANAGING EMPLOYMENT AND OTHER HUMAN RESOURCING RELATIONSHIPS -- Chapter 14 Strategic choice in patterns of employment relationships -- Chapter 15 Employee participation, involvement and communications -- Chapter 16 Managing consulting and consultancy relationships Bibliography.</subfield>
  </datafield>
  <datafield tag="650" ind1=" " ind2="4">
    <subfield code="9">17829</subfield>
    <subfield code="a">Personnel management </subfield>
    <subfield code="x">Case studies</subfield>
  </datafield>
  <datafield tag="650" ind1=" " ind2="4">
    <subfield code="9">20816</subfield>
    <subfield code="a">Strategic planning</subfield>
  </datafield>
  <datafield tag="700" ind1="0" ind2=" ">
    <subfield code="9">62144</subfield>
    <subfield code="a">Harris, Lynette</subfield>
  </datafield>
  <datafield tag="700" ind1="0" ind2=" ">
    <subfield code="9">62145</subfield>
    <subfield code="a">Tony, Watson</subfield>
  </datafield>
  <datafield tag="850" ind1=" " ind2=" ">
    <subfield code="a">NALT</subfield>
  </datafield>
  <datafield tag="942" ind1=" " ind2=" ">
    <subfield code="2">lcc</subfield>
    <subfield code="c">GB</subfield>
  </datafield>
  <datafield tag="996" ind1=" " ind2=" ">
    <subfield code="a">phornvitoo</subfield>
    <subfield code="b">CATSTF	</subfield>
    <subfield code="c">2023-11-19</subfield>
  </datafield>
  <datafield tag="999" ind1=" " ind2=" ">
    <subfield code="c">103847</subfield>
    <subfield code="d">103847</subfield>
  </datafield>
  <datafield tag="998" ind1=" " ind2=" ">
    <subfield code="h">3099</subfield>
    <subfield code="j">3099</subfield>
    <subfield code="k"> &#xE1E;&#xE23;&#xE27;&#xE34;&#xE17;&#xE39;  &#xE42;&#xE04;&#xE49;&#xE27;&#xE04;&#xE0A;&#xE32;&#xE20;&#xE23;&#xE13;&#xE4C;</subfield>
  </datafield>
  <datafield tag="952" ind1=" " ind2=" ">
    <subfield code="0">0</subfield>
    <subfield code="1">0</subfield>
    <subfield code="2">lcc</subfield>
    <subfield code="4">0</subfield>
    <subfield code="7">0</subfield>
    <subfield code="8">CSEN</subfield>
    <subfield code="a">NALT</subfield>
    <subfield code="b">NALT</subfield>
    <subfield code="c">GEN</subfield>
    <subfield code="d">2023-11-19</subfield>
    <subfield code="l">0</subfield>
    <subfield code="o">HF 5549 L46S 2005</subfield>
    <subfield code="p">0100004441001</subfield>
    <subfield code="r">2023-12-27 00:00:00</subfield>
    <subfield code="w">2023-11-19</subfield>
    <subfield code="y">GB</subfield>
  </datafield>
</record>
